Implementación del Sistema web de apoyo al área de ventas para la empresa Casa Cross
Presenta la implementación de un sistema web de apoyo a ventas para cumplir con el requisito de culminación de estudios de la carrera de Ingeniería en Computación, se exponen la información correspondiente al análisis, diseño e implementación de la solución en base a las necesidades y reque...
| Main Author: | |
|---|---|
| Other Authors: | |
| Format: | Tesis Section = Libro |
| Language: | Undetermined Spanish |
| Published: |
Managua
UNI
2017
|
| Subjects: |
| LEADER | 01132nam a2200241Ia 4500 | ||
|---|---|---|---|
| 008 | 240830s9999 xx 000 0 und d | ||
| 040 | |a BIBLIOTECA-RUSB/ Mon 005.74 C951 | ||
| 041 | |a spa | ||
| 082 | |a Mon 005.74 C951 | ||
| 100 | 1 | |a Cross Latino, Hubert Moisés | |
| 245 | 1 | 0 | |a Implementación del Sistema web de apoyo al área de ventas para la empresa Casa Cross |
| 260 | |a Managua |b UNI |c 2017 | ||
| 300 | |a 138 p. :il. | ||
| 500 | |a Contiene: anexos. | ||
| 502 | |a Tesis (Ingeniero en Computación) - UNI, 2017. | ||
| 520 | 3 | |a Presenta la implementación de un sistema web de apoyo a ventas para cumplir con el requisito de culminación de estudios de la carrera de Ingeniería en Computación, se exponen la información correspondiente al análisis, diseño e implementación de la solución en base a las necesidades y requerimientos obtenidos vía estrechas interacciones con los interesados de la empresa. | |
| 650 | 7 | |a SISTEMA DE INFORMACION WEB | |
| 650 | 7 | |b AREA DE VENTAS | |
| 650 | 7 | |c APLICACION WEB | |
| 700 | 1 | |a Tutor: |b Duarte Mora, Lizzette Carolina | |
| 942 | |c BK |2 ddc | ||
| 991 | |a TESIS | ||
| 999 | |c 19770 | ||